000 00507nam a22001817a 4500
003 UA-OsUOA
001 13588
007 ta
008 20030610b un ||||| |||| 00| 0 ukr d
100 _aШморгун Є.
942 _cSA
040 _aUA-OsUOA
_cUA-OsUOA
_dUA-OsUOA
245 _aВіра з Береженків
_b[Нарис]
300 _aС.3
955 _a0
773 0 _w0
_tВісті Рівненщини
_dРівне
_d2003
_g№41/21 трав./
650 7 _aКраєзнавча робота
_2UDC
999 _c299749
_d299749